Normal view
MARC view
Entry Personal Name
001 - CONTROL NUMBER
- control field: 25402
003 - CONTROL NUMBER IDENTIFIER
- control field: Doon University
005 - DATE AND TIME OF LATEST TRANSACTION
- control field: 20250320152255.0
008 - FIXED-LENGTH DATA ELEMENTS
- fixed length control field: 250320|| aca||aabn | a|a d
040 ## - CATALOGING SOURCE
- Original cataloging agency: Doon University
- Transcribing agency: Doon University
100 ## - HEADING--PERSONAL NAME
- Personal name: Mackay, Trudy F.C
670 ## - SOURCE DATA FOUND
- Source citation: Work cat.: (Doon University)59504: Falconer, Douglas S. 25401, Introduction to quantitative genetics, 2009